Statistieken voor Duurste transfers ooit

Klik hier om de quiz te nemen!

Algemene statistieken

  • Deze quiz is 298 keer genomen
    (184 sinds de laatste reset)
  • De gemiddelde score is 17 van 50

Antwoordstatistieken

Prijs (€)JaarNieuwe ploegSpeler% Correct
222 m2017Paris SGNeymar
98%
180 m2018Paris SGKylian Mbappé
97%
100 m2018JuventusCristiano Ronaldo
93%
94 m2009Real MadridCristiano Ronaldo
93%
105 m2017BarcelonaOusmane Dembélé
64%
105 m2016Man. UnitedPaul Pogba
58%
145 m2018BarcelonaPhilippe Coutinho
58%
120 m2019BarcelonaAntoine Griezmann
57%
126 m2019Atletico MadridJoão Félix
57%
75 m2019BarcelonaFrenkie de Jong
56%
67 m2022Bayern MunchenMatthijs de Ligt
54%
75 m2019JuventusMatthijs de Ligt
54%
84.5 m2018LiverpoolVirgil van Dijk
53%
115 m2021ChelseaRomelu Lukaku
52%
85 m2017Man UnitedRomelu Lukaku
52%
80 m2019Inter MilaanRomelu Lukaku
52%
117 m2021Man. CityJack Grealish
50%
95 m2022Man. UnitedAntony
48%
100 m2013Real MadridGareth Bale
48%
75 m2015Man. CityKevin De Bruyne
46%
87 m2019Man. UnitedHarry Maguire
40%
100 m2019Real MadridEden Hazard
39%
82.3 m2014BarcelonaLuis Suárez
39%
84 m2020ChelseaKai Havertz
27%
74.3 m2009BarcelonaZlatan Ibrahimović
26%
85 m2021Man. UnitedJadon Sancho
23%
75 m2022LiverpoolDarwin Núñez
21%
70 m2019Man. CityRodri
19%
90 m2016JuventusGonzalo Higuain
18%
68 m2020Man. CityRúben Dias
18%
65.5 m2017ChelseaAlvaro Morata
17%
75.6 m2014Man. UnitedAngel Di Maria
17%
80 m2022Real MadridAurélien Tchouaméni
17%
80 m2019ArsenalNicolas Pépé
16%
70 m2022JuventusDušan Vlahović
14%
65 m2019Man. CityJoão Cancelo
14%
76 m2001Real MadridZinedine Zidane
14%
64.5 m2013Paris SGEdison Cavani
11%
75.8 m2018ArsenalPierre-Emerick Aubameyang
11%
67.8 m2018Man. CityRiyad Mahrez
11%
70 m2020NapoliVictor Osimhen
10%
67 m2009Real madridKaká
9%
65.2 m2019Man. CityAymeric Laporte
8%
80 m2019Bayern MunchenLucas Hernandez
8%
72 m2020JuventusArthur
7%
68 m2022ChelseaMarc Cucurella
7%
80.5 m2022ChelseaWesley Fofana
6%
75 m2014Real MadridJames Rodríguez
5%
80 m2018ChelseaKepa Arrizabalaga
4%
70 m2018Atletico MadridThomas Lemar
2%

Scoreverdeling

Percentiel versus Aantal Correcte Antwoorden

Procent van Mensen met Elke Score

Uw Scoregeschiedenis

U heeft deze quiz nog niet genomen sinds de laatste reset